000 00532nam a2200157 a 4500
008 120416s0000 ||||||||||||||||| || u
020 _a0194370437
050 _aP 53 Sta
100 _aStack, Edward M
245 1 4 _aThe language laboratory and modern language teaching
250 _a3rd ed.
260 _aLondon
_bOUP
_c1971
300 _axv, 313p. : ill.
350 _a0.00
995 _D0.00
_FCBU-MAIN LIBRARY (Kitwe)
_H1
_I2.75
_M1
_UAVAILABLE
_ZMain Library Open Access Collection
999 _c48875
_d48875